MARC

LEADER 00000nam0a2200000 4500
001 287603
005 20231102000015.0
020 |a RU  |b 85-79733 
035 |a (RuTPU)RU\TPU\book\312016 
090 |a 287603 
100 |a 20150317d1985 k y0rusy5003 ca 
101 0 |a rus 
102 |a RU 
105 |a a z 101zy 
200 1 |a Автоматизация технологических процессов изготовления и эксплуатации режущих инструментов  |e материалы семинара  |f Общество "Знание" РСФСР ; Московский Дом научно-технической пропаганды 
210 |a Москва  |c [Б. и.]  |d 1985 
215 |a 151 с.  |c ил.  |d 20 см 
320 |a Библиография в конце статей 
606 1 |a Режущие инструменты  |x Производство  |2 stltpush  |3 (RuTPU)RU\TPU\subj\24411  |9 48763 
606 1 |a Резание металлов  |x Автоматизация  |2 stltpush  |3 (RuTPU)RU\TPU\subj\24501  |9 48837 
610 1 |a гибкое производство 
610 1 |a инструментальное обеспечение 
610 1 |a металлорежущие инструменты 
610 1 |a инструментальные стали 
610 1 |a твердые сплавы 
610 1 |a износостойкие покрытия 
610 1 |a зуборезные долбяки 
610 1 |a конические зубчатые колеса 
610 1 |a отверстия 
610 1 |a обработка 
610 1 |a семинары 
675 |a 621.9.02.002:658(063)  |z rus  |v 4 
675 |a 621.91:658(063)  |z rus  |v 4 
712 0 2 |a Общество "Знание" РСФСР  |c (Москва)  |2 stltpush  |3 (RuTPU)RU\TPU\col\7484 
712 0 2 |a Московский Дом научно-технической пропаганды  |2 stltpush  |3 (RuTPU)RU\TPU\col\7885  |9 24405 
801 0 |a RU  |b RuMRKP  |c 19950704  |g psbo 
801 1 |a RU  |b 63413507  |c 20150317 
801 2 |a RU  |b 63413507  |c 20180118  |g RCR 
942 |c BK